Score 0/50 Timer 12:00
0 Plays Today
Year Film % Correct
1993Schindler's List*
96.9%
1997Titanic*
96.9%
1994Forrest Gump*
96.4%
1998Saving Private Ryan
95.3%
1990Dances With Wolves*
94.8%
1991The Silence Of The Lambs*
94.8%
1992Unforgiven*
92.2%
1999American Beauty*
92.2%
1995Braveheart*
91.7%
1994Pulp Fiction
90.7%
1996The English Patient*
90.2%
1998Shakespeare In Love*
90.2%
1990Goodfellas
88.6%
1994The Shawshank Redemption
88.1%
1997As Good As It Gets
77.2%
1997L.A. Confidential
72.5%
1997Good Will Hunting
71.5%
1990The Godfather: Part III
71%
1991JFK
71%
1991Beauty And The Beast
70.5%
1996Fargo
69.4%
1995Apollo 13
68.9%
1999The Sixth Sense
68.9%
1992Scent Of A Woman
68.4%
1992Howards End
67.9%
Year Film % Correct
1999The Green Mile
66.3%
1993The Remains Of The Day
65.3%
1999The Insider
64.8%
1993The Piano
64.2%
1994Quiz Show
63.7%
1998Life Is Beautiful
63.7%
1995Babe
63.2%
1998The Thin Red Line
63.2%
1991Bugsy
62.2%
1999The Cider House Rules
62.2%
1990Awakenings
61.7%
1996Jerry Maguire
61.1%
1993In The Name Of The Father
60.6%
1996Shine
60.6%
1995Sense And Sensibility
60.1%
1994Four Weddings And A Funeral
59.6%
1993The Fugitive
58%
1995Il Postino (The Postman)
57.5%
1992A Few Good Men
56.5%
1997The Full Monty
56.5%
1990Ghost
55.4%
1992The Crying Game
53.9%
1998Elizabeth
51.8%
1991The Prince Of Tides
49.2%
1996Secrets & Lies
48.7%

You're not logged in!

Compare scores with friends on all Sporcle quizzes.
OR
Log In

Sporcle TV

Today on Sporcle TV


Watch our educational content, quiz creation guides, and fun videos on Sporcle TV.

Show Comments

Extras

Top Quizzes Today


Score Distribution

Paid Content

Your Account Isn't Verified!

In order to create a playlist on Sporcle, you need to verify the email address you used during registration. Go to your Sporcle Settings to finish the process.

Report this User

Report this user for behavior that violates our Community Guidelines.

Details: